[Event "World Amateur-ch U2300"]
[Site "Spoleto"]
[Date "2017.04.03"]
[Round "4"]
[White "Calandri, Fausto"]
[Black "Cmiel, Thorsten"]
[Result "1/2-1/2"]
[WhiteElo "2107"]
[BlackElo "2234"]
[PlyCount "38"]
[EventDate "2017.04.01"]
[EventType "swiss"]
[EventRounds "9"]
[EventCountry "ITA"]
[SourceTitle "CBM 177 Extra"]
[Source "ChessBase"]
[SourceDate "2017.04.27"]
[SourceVersion "1"]
[SourceVersionDate "2017.04.27"]
[SourceQuality "1"]

1. e4 c5 2. Nf3 Nc6 3. d4 cxd4 4. Nxd4 g6 5. Nc3 Bg7 6. Be3 Nf6 7. Bc4 0-0 8. Bb3 a5 9. f3 d5 10. exd5 Nb4 11. Nde2 a4 12. Nxa4 Nfxd5 13. Bb6 Nxb6 14. Qxd8 Rxd8 15. Nxb6 Ra6 16. Nxc8 Rxc8 17. Nc3 Bxc3+ 18. bxc3 Rxc3 19. 0-0-0 Re3 1/2-1/2

[Event "La Meridiana op 2nd"]
[Site "Perugia"]
[Date "2012.11.10"]
[Round "3"]
[White "Calandri, Fausto"]
[Black "Anasetti, Alberto"]
[Result "1-0"]
[WhiteElo "2113"]
[BlackElo "1781"]
[PlyCount "89"]
[EventDate "2012.11.09"]
[EventType "swiss"]
[EventRounds "5"]
[EventCountry "ITA"]
[SourceTitle "EXT 2014"]
[Source "ChessBase"]
[SourceDate "2013.11.20"]
[SourceVersion "1"]
[SourceVersionDate "2013.11.20"]
[SourceQuality "1"]

1. e4 g6 2. d4 Bg7 3. Nf3 d6 4. Nc3 Nc6 5. Be2 e5 6. Be3 Nh6 7. dxe5 Ng4 8. Bg5 f6 9. exf6 Bxf6 10. Bxf6 Nxf6 11. 0-0 Be6 12. Nd4 Qd7 13. Bb5 0-0 14. Qd3 Rae8 15. Nxe6 Rxe6 16. Bc4 Ne5 17. Bxe6+ Qxe6 18. Qe2 Nh5 19. f3 Nf4 20. Qd1 Nc4 21. Nd5 Nxb2 22. Nxf4 Rxf4 23. Qd2 Rf7 24. Qd5 Qxd5 25. exd5 Nc4 26. Rfe1 b6 27. Re4 Ne5 28. f4 Nd7 29. c4 Nc5 30. Re8+ Kg7 31. g3 Nd7 32. Rae1 Nf6 33. R8e7 Kf8 34. Rxf7+ Kxf7 35. Kg2 Nd7 36. Kf3 h6 37. Re3 Nf6 38. Ra3 a5 39. Re3 Nd7 40. g4 g5 41. Re6 gxf4 42. Kxf4 a4 43. Kf5 a3 44. Rxh6 Kg7 45. Re6 1-0

[Event "La Meridiana op 2nd"]
[Site "Perugia"]
[Date "2012.11.10"]
[Round "2"]
[White "Vannelli, Vittorio"]
[Black "Calandri, Fausto"]
[Result "0-1"]
[WhiteElo "1824"]
[BlackElo "2113"]
[PlyCount "66"]
[EventDate "2012.11.09"]
[EventType "swiss"]
[EventRounds "5"]
[EventCountry "ITA"]
[SourceTitle "EXT 2014"]
[Source "ChessBase"]
[SourceDate "2013.11.20"]
[SourceVersion "1"]
[SourceVersionDate "2013.11.20"]
[SourceQuality "1"]

1. e4 e6 2. d4 d5 3. Nc3 Bb4 4. e5 Ne7 5. a3 Bxc3+ 6. bxc3 c5 7. Bd3 Nbc6 8. Nf3 Qa5 9. Qd2 b6 10. 0-0 Ba6 11. Bxa6 Qxa6 12. Qf4 0-0 13. Re1 cxd4 14. Nxd4 Nxd4 15. Qxd4 Rac8 16. Bg5 Nf5 17. Qd2 Rc4 18. Qe2 Qa4 19. Qd3 Rfc8 20. Bd2 h5 21. Reb1 Re4 22. f3 Rec4 23. Rb3 Qa5 24. h3 h4 25. Rab1 Qc5+ 26. Kh2 Ra4 27. Be1 Rxa3 28. Rxa3 Qxa3 29. Rb4 Qa1 30. Qd2 Ng3 31. Kg1 Rxc3 32. Rxh4 Rxc2 33. Qxc2 Qxe1+ 0-1

[Event "Porto San Giorgio op 23rd"]
[Site "Porto San Giorgio"]
[Date "2011.08.22"]
[Round "2"]
[White "Calandri, Fausto"]
[Black "Calabrese, Maurizio"]
[Result "1-0"]
[WhiteElo "2118"]
[BlackElo "1567"]
[PlyCount "61"]
[EventDate "2011.08.21"]
[EventType "swiss"]
[EventRounds "9"]
[EventCountry "ITA"]
[SourceTitle "CBM 144 Extra"]
[Source "ChessBase"]
[SourceDate "2011.10.28"]
[SourceVersion "1"]
[SourceVersionDate "2011.10.28"]
[SourceQuality "1"]

1. e4 c5 2. Nf3 d6 3. d4 cxd4 4. Nxd4 Nf6 5. Nc3 a6 6. Be2 Nc6 7. Be3 e6 8. 0-0 Bd7 9. a4 d5 10. exd5 exd5 11. Bf3 Be6 12. Nxc6 bxc6 13. a5 Nd7 14. Na4 Bb4 15. Nb6 Nxb6 16. Bxb6 Qe7 17. c4 0-0 18. cxd5 cxd5 19. Qb3 Bc5 20. Rfc1 Bxb6 21. axb6 a5 22. Bxd5 Rfc8 23. Bxa8 Rxa8 24. Qc3 h6 25. Rxa5 Rxa5 26. Qxa5 Qb7 27. Qa7 Qe4 28. b7 Bd5 29. b8Q+ Kh7 30. Qg3 Qe2 31. Qd4 1-0

[Event "Assisi op-A 5th"]
[Site "Assisi"]
[Date "2010.12.20"]
[Round "4"]
[White "Occhioni, Edmondo"]
[Black "Calandri, Fausto"]
[Result "0-1"]
[WhiteElo "1826"]
[BlackElo "2125"]
[PlyCount "76"]
[EventDate "2010.12.17"]
[EventType "swiss"]
[EventRounds "7"]
[EventCountry "ITA"]
[SourceTitle "EXT 2024"]
[Source "ChessBase"]
[SourceDate "2023.10.10"]
[SourceVersion "1"]
[SourceVersionDate "2023.10.10"]
[SourceQuality "1"]

1. e4 d5 2. exd5 Qxd5 3. Nc3 Qa5 4. d4 Nf6 5. Bc4 c6 6. Nf3 Bf5 7. Ne5 e6 8. g4 Bg6 9. Bd2 Nbd7 10. Nxg6 hxg6 11. g5 Nh5 12. Qf3 Qc7 13. 0-0-0 Nb6 14. Bb3 0-0-0 15. Be3 Bd6 16. h4 Nd5 17. Nxd5 cxd5 18. Kb1 Kb8 19. Rc1 b5 20. a4 a6 21. axb5 axb5 22. Qe2 Qc6 23. Qd2 Rd7 24. c3 Ra7 25. Kc2 Kc7 26. Kd1 Kd7 27. c4 dxc4 28. d5 exd5 29. Bxa7 d4 30. Re1 Qf3+ 31. Kc2 Qxb3+ 32. Kb1 Nf4 33. Qxd4 Qd3+ 34. Qxd3 Nxd3 35. Red1 Nxc1 36. Kxc1 Kc6 37. Kc2 Rxh4 38. b3 Bc5 0-1

[Event "Assisi op-A 5th"]
[Site "Assisi"]
[Date "2010.12.18"]
[Round "3"]
[White "Calandri, Fausto"]
[Black "Aleksic, Nenad"]
[Result "0-1"]
[WhiteElo "2125"]
[BlackElo "2359"]
[PlyCount "44"]
[EventDate "2010.12.17"]
[EventType "swiss"]
[EventRounds "7"]
[EventCountry "ITA"]
[SourceTitle "EXT 2024"]
[Source "ChessBase"]
[SourceDate "2023.10.10"]
[SourceVersion "1"]
[SourceVersionDate "2023.10.10"]
[SourceQuality "1"]

1. e4 c5 2. c3 b6 3. d4 Bb7 4. Nd2 e6 5. Ngf3 Nf6 6. Bd3 d6 7. Qe2 Be7 8. 0-0 cxd4 9. cxd4 Nbd7 10. a3 0-0 11. b4 a6 12. Bb2 b5 13. Nb3 Nb6 14. Na5 Qd7 15. Rac1 Rac8 16. Nxb7 Qxb7 17. Nd2 Na4 18. Ba1 Rc7 19. Nb3 Rfc8 20. Rxc7 Qxc7 21. f3 Nd7 22. Qd2 Ndb6 0-1

[Event "Fermo op 1st"]
[Site "Fermo"]
[Date "2010.08.29"]
[Round "9"]
[White "Bernardi, Ruben"]
[Black "Calandri, Fausto"]
[Result "0-1"]
[WhiteElo "2204"]
[BlackElo "2108"]
[PlyCount "138"]
[EventDate "2010.08.21"]
[EventType "swiss"]
[EventRounds "9"]
[EventCountry "ITA"]
[SourceTitle "CBM 138 Extra"]
[Source "ChessBase"]
[SourceDate "2010.10.29"]
[SourceVersion "1"]
[SourceVersionDate "2010.10.29"]
[SourceQuality "1"]

1. e4 d5 2. exd5 Qxd5 3. Nc3 Qa5 4. d4 Nf6 5. Bc4 Bf5 6. Bd2 c6 7. Qe2 e6 8. d5 cxd5 9. Nxd5 Qd8 10. Nxf6+ Qxf6 11. Bc3 Bb4 12. Bb5+ Nc6 13. Bxc6+ bxc6 14. Qc4 Bxc3+ 15. bxc3 Qe5+ 16. Ne2 0-0 17. 0-0 Qd5 18. Qa4 Rfd8 19. Nd4 c5 20. Nxf5 Qxf5 21. Rad1 Qf6 22. Qa5 Qe7 23. a4 g6 24. h3 Rac8 25. Qb5 Qc7 26. Qc4 Rd6 27. Rd3 Rcd8 28. Rb1 Rd5 29. Rb5 R8d7 30. a5 Qe5 31. g3 Qf5 32. Kg2 Rxd3 33. cxd3 Rxd3 34. Qxc5 Qxc5 35. Rxc5 Kf8 36. c4 Ke7 37. a6 Rd7 38. Rc8 Rd6 39. Rc7+ Rd7 40. Rc6 Rd6 41. Rc7+ Rd7 42. Rc6 Kd8 43. Rc5 Rc7 44. Rb5 Rxc4 45. Kf3 Rc6 46. Rb8+ Kd7 47. Rb7+ Rc7 48. Rb4 Kd6 49. g4 g5 50. Ke4 h6 51. f4 f6 52. f5 Rc6 53. Rd4+ Ke7 54. Ra4 Rb6 55. fxe6 Kxe6 56. Kd4 f5 57. gxf5+ Kxf5 58. Kc5 h5 59. Ra1 Kf4 60. Ra3 g4 61. Ra4+ Kf3 62. Ra3+ Kg2 63. hxg4 hxg4 64. Kd4 g3 65. Ke4 Kh2 66. Ra5 Rf6 67. Rh5+ Kg1 68. Rh7 g2 69. Rxa7 Kf2 0-1

[Event "Foligno op"]
[Site "Foligno"]
[Date "2010.06.06"]
[Round "5"]
[White "Calandri, Fausto"]
[Black "Marsili, Riccardo"]
[Result "1/2-1/2"]
[WhiteElo "2108"]
[BlackElo "1907"]
[PlyCount "48"]
[EventDate "2010.06.04"]
[EventType "swiss"]
[EventRounds "6"]
[EventCountry "ITA"]
[SourceTitle "CBM 136 Extra"]
[Source "ChessBase"]
[SourceDate "2010.07.02"]
[SourceVersion "2"]
[SourceVersionDate "2010.07.15"]
[SourceQuality "1"]

1. e4 c5 2. Nf3 Nc6 3. d4 cxd4 4. Nxd4 g6 5. Nc3 Bg7 6. Be3 Nf6 7. Bc4 0-0 8. Bb3 d6 9. f3 Bd7 10. Qd2 Nxd4 11. Bxd4 b5 12. h4 a5 13. a4 bxa4 14. Nxa4 Bxa4 15. Rxa4 Qc7 16. Qc3 Qxc3+ 17. Bxc3 Nd7 18. Bxg7 Kxg7 19. Ra2 Nc5 20. Bd5 Rab8 21. Kd2 f5 22. Rxa5 Rxb2 23. e5 Rb4 24. Ba8 Rc8 1/2-1/2

[Event "Foligno op"]
[Site "Foligno"]
[Date "2010.06.06"]
[Round "6"]
[White "Calandri, Fausto"]
[Black "Scipioni, Gaetano"]
[Result "1-0"]
[WhiteElo "2108"]
[BlackElo "2048"]
[PlyCount "85"]
[EventDate "2010.06.04"]
[EventType "swiss"]
[EventRounds "6"]
[EventCountry "ITA"]
[SourceTitle "CBM 136 Extra"]
[Source "ChessBase"]
[SourceDate "2010.07.02"]
[SourceVersion "2"]
[SourceVersionDate "2010.07.15"]
[SourceQuality "1"]

1. e4 d5 2. exd5 Qxd5 3. Nc3 Qa5 4. d4 Nf6 5. Nf3 c6 6. Bc4 Bf5 7. Bd2 e6 8. Qe2 Bb4 9. 0-0-0 Nbd7 10. a3 Bxc3 11. Bxc3 Qc7 12. Ne5 Nxe5 13. dxe5 Nd5 14. Bd2 h6 15. g4 Bg6 16. f4 0-0-0 17. Qf3 Rhe8 18. Rhe1 Bh7 19. h4 Bg6 20. h5 Bh7 21. Bb3 a5 22. Be3 Nxe3 23. Qxe3 b6 24. Bc4 Kb7 25. Bd3 Bxd3 26. Rxd3 Rxd3 27. Qxd3 Rd8 28. Qe2 Rd4 29. Rd1 Qd7 30. Rd2 Kc7 31. c3 Rxd2 32. Qxd2 Qd5 33. a4 Qh1+ 34. Qd1 Qd5 35. Qd2 Qh1+ 36. Qd1 Qd5 37. Qd4 c5 38. Qxd5 exd5 39. f5 Kd7 40. g5 Ke8 41. gxh6 gxh6 42. Kc2 Ke7 43. Kb3 1-0

[Event "Foligno op"]
[Site "Foligno"]
[Date "2010.06.04"]
[Round "2"]
[White "Calandri, Fausto"]
[Black "Ognibene, Piero"]
[Result "1/2-1/2"]
[WhiteElo "2108"]
[BlackElo "1893"]
[PlyCount "92"]
[EventDate "2010.06.04"]
[EventType "swiss"]
[EventRounds "6"]
[EventCountry "ITA"]
[SourceTitle "CBM 136 Extra"]
[Source "ChessBase"]
[SourceDate "2010.07.02"]
[SourceVersion "2"]
[SourceVersionDate "2010.07.15"]
[SourceQuality "1"]

1. e4 e5 2. Nf3 Nc6 3. d4 exd4 4. Nxd4 Bc5 5. Nxc6 Qf6 6. Qd2 dxc6 7. Nc3 Ne7 8. Qf4 Qxf4 9. Bxf4 Bb6 10. Bd3 Be6 11. Na4 Ba5+ 12. Bd2 Bxd2+ 13. Kxd2 b6 14. Ke3 0-0 15. Rhd1 f5 16. Nc3 fxe4 17. Bxe4 Rae8 18. f3 Nd5+ 19. Kf2 Nxc3 20. bxc3 c5 21. Rd2 Bc4 22. Bd3 Bxd3 23. cxd3 Re7 24. Re1 Rfe8 25. Re4 Kf7 26. Rde2 c6 27. Ke1 g5 28. Kd2 Kf6 29. a3 Re5 30. Re1 h5 31. g3 R8e7 32. a4 Re8 33. a5 b5 34. a6 R8e7 35. Rxe5 Rxe5 36. Re4 Ke6 37. Ke3 Kf6 38. Kd2 Ke6 39. f4 Rxe4 40. dxe4 gxf4 41. gxf4 c4 42. h4 c5 43. Kc2 b4 44. Kb2 b3 45. Kc1 Kf6 46. Kd2 Ke6 1/2-1/2

[Event "Viterbo op 6th"]
[Site "Viterbo"]
[Date "2009.06.02"]
[Round "7"]
[White "Calandri, Fausto"]
[Black "Faini, Marco"]
[Result "1-0"]
[WhiteElo "2149"]
[BlackElo "1915"]
[PlyCount "81"]
[EventDate "2009.05.30"]
[EventType "swiss"]
[EventRounds "7"]
[EventCountry "ITA"]
[SourceTitle "EXT 2011"]
[Source "ChessBase"]
[SourceDate "2010.11.26"]
[SourceVersion "1"]
[SourceVersionDate "2010.11.26"]
[SourceQuality "1"]

1. e4 c5 2. Nf3 d6 3. d4 cxd4 4. Nxd4 Nf6 5. Nc3 a6 6. Be2 e5 7. Nb3 Be7 8. 0-0 Be6 9. Be3 Nbd7 10. a4 0-0 11. a5 Qc7 12. Qd2 Bxb3 13. cxb3 Nc5 14. Nd5 Nxd5 15. Qxd5 Rac8 16. Bg4 Rcd8 17. b4 Nd7 18. Rfc1 Qb8 19. Bxd7 Rxd7 20. Rc4 Rc8 21. Rac1 Rdc7 22. b5 Rxc4 23. Rxc4 Rxc4 24. Qxc4 axb5 25. Qxb5 Qc8 26. g3 Kf8 27. b4 Bd8 28. Kg2 h6 29. Bb6 Ke7 30. Bxd8+ Kxd8 31. Qb6+ Qc7 32. Qxc7+ Kxc7 33. b5 g6 34. f3 f5 35. Kf2 fxe4 36. fxe4 Kc8 37. Ke3 Kb8 38. Kd3 Kc7 39. Kc4 Kd7 40. Kd5 Ke7 41. a6 1-0

[Event "Viterbo op 6th"]
[Site "Viterbo"]
[Date "2009.06.01"]
[Round "4"]
[White "Caleffi, Cesare"]
[Black "Calandri, Fausto"]
[Result "1/2-1/2"]
[WhiteElo "2003"]
[BlackElo "2149"]
[PlyCount "100"]
[EventDate "2009.05.30"]
[EventType "swiss"]
[EventRounds "7"]
[EventCountry "ITA"]
[SourceTitle "EXT 2011"]
[Source "ChessBase"]
[SourceDate "2010.11.26"]
[SourceVersion "1"]
[SourceVersionDate "2010.11.26"]
[SourceQuality "1"]

1. d4 e6 2. Nf3 Nf6 3. Bg5 b6 4. Nbd2 Bb7 5. e3 h6 6. Bh4 c5 7. c3 Nc6 8. Bd3 Be7 9. 0-0 0-0 10. Re1 d5 11. Rc1 a5 12. a4 Nd7 13. Bxe7 Qxe7 14. e4 dxe4 15. Nxe4 cxd4 16. cxd4 Nf6 17. Qb3 Nb4 18. Nxf6+ Qxf6 19. Be4 Bxe4 20. Rxe4 Rac8 21. Ree1 Qf4 22. Rc4 Rc7 23. g3 Qd6 24. Rec1 Rfc8 25. Nd2 Rxc4 26. Rxc4 Rxc4 27. Qxc4 Qc6 28. Qxc6 Nxc6 29. Nc4 Nxd4 30. Nxb6 Kf8 31. Nc4 Nc6 32. Kf1 Ke7 33. Ke2 e5 34. Kd3 Ke6 35. Ne3 f5 36. Kc4 f4 37. Nd5 fxg3 38. hxg3 Kd6 39. Ne3 Nd4 40. b4 axb4 41. Kxb4 h5 42. a5 g5 43. a6 Kc6 44. Kc4 h4 45. gxh4 gxh4 46. Ng4 Nf3 47. Kd3 h3 48. Ke4 h2 49. Nxh2 Nxh2 50. Kxe5 Ng4+ 1/2-1/2

[Event "Assisi op-A 4th"]
[Site "Assisi"]
[Date "2008.12.22"]
[Round "8"]
[White "Calandri, Fausto"]
[Black "Meijers, Viesturs"]
[Result "0-1"]
[WhiteElo "2130"]
[BlackElo "2514"]
[PlyCount "46"]
[EventDate "2008.12.18"]
[EventType "swiss"]
[EventRounds "9"]
[EventCountry "ITA"]
[SourceTitle "CBM 127 Extra"]
[Source "ChessBase"]
[SourceDate "2009.01.08"]
[SourceVersion "2"]
[SourceVersionDate "2009.01.28"]
[SourceQuality "1"]

1. e4 c5 2. Nf3 e6 3. d4 cxd4 4. Nxd4 a6 5. Nc3 b5 6. g3 Bb7 7. Bg2 h5 8. 0-0 h4 9. g4 h3 10. Bh1 Qc7 11. Qe2 Bd6 12. f3 b4 13. Na4 Nc6 14. Be3 Nge7 15. Rfd1 0-0 16. Rac1 Nxd4 17. Bxd4 Bf4 18. Be3 Bc6 19. Nb6 Rab8 20. Nc4 Bb5 21. Bxf4 Qxf4 22. Qe3 Ng6 23. Qb3 d5 0-1